Last's Anatomy: (Record no. 6792)

MARC details
000 -LEADER
fixed length control field 00562nam a22002057a 4500
003 - CONTROL NUMBER IDENTIFIER
control field OSt
005 - DATE AND TIME OF LATEST TRANSACTION
control field 20210604092026.0
008 - FIXED-LENGTH DATA ELEMENTS--GENERAL INFORMATION
fixed length control field 210225b ||||| |||| 00| 0 eng d
020 ## - INTERNATIONAL STANDARD BOOK NUMBER
International Standard Book Number 0443044295
040 ## - CATALOGING SOURCE
Transcribing agency DLC
082 ## - DEWEY DECIMAL CLASSIFICATION NUMBER
Classification number QS4 L339a 1990
100 ## - MAIN ENTRY--PERSONAL NAME
Personal name McMinn, R. M. H
9 (RLIN) 13912
245 ## - TITLE STATEMENT
Title Last's Anatomy:
Remainder of title regional and applied
250 ## - EDITION STATEMENT
Edition statement 8th.ed
260 ## - PUBLICATION, DISTRIBUTION, ETC. (IMPRINT)
Place of publication, distribution, etc. Edniburgh;
Name of publisher, distributor, etc. Churchill Livingstone,
Date of publication, distribution, etc. 1990
300 ## - PHYSICAL DESCRIPTION
Extent viii,710p;
Other physical details ill :
Dimensions 24cm.
504 ## - BIBLIOGRAPHY, ETC. NOTE
Bibliography, etc Includes bibliographical references and index
650 ## - SUBJECT ADDED ENTRY--TOPICAL TERM
Topical term or geographic name as entry element Anatomy
9 (RLIN) 124
942 ## - ADDED ENTRY ELEMENTS (KOHA)
Source of classification or shelving scheme Other/Generic Classification Scheme
Koha item type Open Shelf
Holdings
Withdrawn status Lost status Source of classification or shelving scheme Damaged status Not for loan Home library Current library Date acquired Source of acquisition Inventory number Total Checkouts Full call number Barcode Date last seen Date last checked out Koha item type Checked out Price effective from
    Other/Generic Classification Scheme     MUST Main Library MUST Main Library 25/02/2021 Purchase 7086 3 QS4 L339a 1990 2021-0229 31/01/2023 24/01/2023 Open Shelf    
    Dewey Decimal Classification     MUST Main Library MUST Main Library 07/10/2024 Purchase 7090 2 QS4 L339a 1990 2024-22485 12/11/2024 12/11/2024 Open Shelf 26/11/2024 07/10/2024